Characterization f cis-prenyl transferase activity localised in a buoyant fraction of rubber particles from Ficus elastica latex (Record no. 55407)

MARC details
000 -LEADER
fixed length control field 00530nam a2200169Ia 4500
100 ## - MAIN ENTRY--AUTHOR NAME
Personal name Cornish K
245 #0 - TITLE STATEMENT
Title Characterization f cis-prenyl transferase activity localised in a buoyant fraction of rubber particles from Ficus elastica latex
260 ## - PUBLICATION, DISTRIBUTION, ETC. (IMPRINT)
Name of publisher Plant Physiology and Biochemistry
Year of publication 1996
300 ## - PHYSICAL DESCRIPTION
Number of Pages 377-384
500 ## - GENERAL NOTE
General note Source Year: 1996
650 ## - SUBJECT ADDED ENTRY--TOPICAL TERM
Topical Term Ficus elastica latex
650 ## - SUBJECT ADDED ENTRY--TOPICAL TERM
Topical Term Rubber particles
700 ## - ADDED ENTRY--PERSONAL NAME
Personal name Siler D J
856 ## - ELECTRONIC LOCATION AND ACCESS
Uniform Resource Identifier IRRDB
942 ## - ADDED ENTRY ELEMENTS (KOHA)
Koha item type Journals
Holdings
Withdrawn status Lost status Damaged status Not for loan Home library Current library Shelving location Date acquired Serial Enumeration / chronology Koha item type
      Journals RRII Library RRII Library Physiology 17/12/2021 Volume 34, Issue 3 Journals